North America coat of arms - Statistics

General Stats
  • This quiz has been taken 54 times
  • The average score is 17 of 24
Answer Stats
Picture Answer % Correct
Belize
83%
Canada
83%
Antigua and Barbuda
80%
Costa rica
77%
Dominican republic
77%
El Salvador
77%
Haiti
77%
Nicaragua
77%
Panama
77%
Dominica
74%
Guatemala
74%
Mexico
74%
Jamaica
71%
United States
71%
Cuba
69%
Honduras
66%
Saint lucia
66%
Bahamas
63%
Grenada
63%
Barbados
60%
Saint Kitts and nevis
57%
Saint Vincent and the Grenadines
57%
Greenland
54%
Trinidad and Tobago
54%
No matching quizzes found
Score Distribution
Percent of People with Each Score
Percentile by Number Answered
Your Score History
You have not taken this quiz